Maillots retirés de la NBA jusqu'en 2024 - Statistiques

Statistiques générales
  • Ce quiz a été pris 93 fois
  • Le résultat moyen est 63 sur 195
Statistiques - réponses
Team No. Name Pos. % Correct
Heat de Miami 23 Michael Jordan Arrière
92%
Celtics de Boston 33 Larry Bird Ailier
85%
Lakers de Los Angeles 34 Shaquille O'Neal Pivot
85%
Heat de Miami 32 Shaquille O'Neal Pivot
85%
Magic d'Orlando 32 Shaquille O'Neal Pivot
85%
Spurs de San Antonio 21 Tim Duncan Ailier, Pivot
83%
Lakers de Los Angeles 32 Earvin "Magic" Johnson Meneur
82%
Spurs de San Antonio 9 Tony Parker Meneur
82%
Spurs de San Antonio 6 Avery Johnson Meneur
81%
Celtics de Boston 3 Dennis Johnson Arrière
81%
Wizards de Washington 25 Gus Johnson Ailier
81%
Suns de Phoenix 7 Kevin Johnson Meneur
81%
Lakers de Los Angeles 8 Kobe Bryant Arrière
81%
Lakers de Los Angeles 24 Kobe Bryant Arrière
81%
Bucks de Milwaukee 8 Marques Johnson Ailier
81%
Pistons de Détroit 15 Vinnie Johnson Meneur
81%
Warriors de Golden State 13 Wilt Chamberlain Pivot
79%
Lakers de Los Angeles 13 Wilt Chamberlain Pivot
79%
76ers de Philadelphie 13 Wilt Chamberlain Pivot
79%
Lakers de Los Angeles 33 Kareem Abdul-Jabbar Pivot
78%
Bucks de Milwaukee 33 Kareem Abdul-Jabbar Pivot
78%
Lakers de Los Angeles 16 Pau Gasol Pivot
78%
Celtics de Boston 6 Bill Russell Pivot
76%
Celtics de Boston 5 Kevin Garnett Ailier
76%
Spurs de San Antonio 20 Manu Ginobili Arrière
76%
Bulls de Chicago 33 Scottie Pippen Ailier
76%
Jazz de l'Utah 32 Karl Malone Ailier
75%
Rockets de Houston 24 Moses Malone Pivot
75%
76ers de Philadelphie 2 Moses Malone Pivot
75%
Spurs de San Antonio 50 David Robinson Pivot
74%
Heat de Miami 3 Dwyane Wade Arrière
74%
Grizzlies de Memphis 33 Marc Gasol Ailier
72%
Mavericks de Dallas 41 Dirk Nowitzki Ailier, Pivot
71%
Celtics de Boston 34 Paul Pierce Ailier
69%
Suns de Phoenix 13 Steve Nash Meneur
68%
Nets de Brooklyn 5 Jason Kidd Meneur, Arrière
64%
76ers de Philadelphie 3 Allen Iverson Meneur, Arrière, Combo guard
63%
Rockets de Houston 34 Hakeem Olajuwon Pivot
63%
Lakers de Los Angeles 44 Jerry West Meneur, Arrière
63%
Bucks de Milwaukee 1 Oscar Robertson Meneur, Arrière
63%
Kings de Sacramento 14 Oscar Robertson Meneur, Arrière
63%
Jazz de l'Utah 12 John Stockton Meneur
61%
Knicks de New York 33 Patrick Ewing Pivot
61%
Celtics de Boston 14 Bob Cousy Meneur
60%
Pistons de Détroit 10 Dennis Rodman Ailier
58%
Hawks d'Atlanta 21 Dominique Wilkins Ailier
58%
Pistons de Détroit 11 Isiah Thomas Meneur
58%
Nets de Brooklyn 32 Julius Erving Ailier
57%
76ers de Philadelphie 6 Julius Erving Ailier
57%
Pacers de l'Indiana 31 Reggie Miller Arrière
57%
76ers de Philadelphie 34 Charles Barkley Ailier
56%
Suns de Phoenix 34 Charles Barkley Ailier
56%
Heat de Miami 1 Chris Bosh Ailier/Pivot
56%
Hawks d'Atlanta 9 Bob Pettit Ailier
49%
Hawks d'Atlanta 55 Dikembe Mutombo Pivot
49%
Nuggets de Denver 55 Dikembe Mutombo Pivot
49%
Celtics de Boston 17 John Havlicek Ailier
49%
Celtics de Boston 00 Robert Parish Pivot
49%
Heat de Miami 33 Alonzo Mourning Pivot
46%
Pistons de Détroit 3 Ben Wallace Pivot
46%
Heat de Miami 10 Tim Hardaway Meneur
46%
Trail Blazers de Portland 32 Bill Walton Pivot
44%
Spurs de San Antonio 44 George Gervin Arrière, Ailier
44%
Warriors de Golden State 24 Rick Barry Ailier
44%
Rockets de Houston 22 Clyde Drexler Arrière, Ailier
43%
Trail Blazers de Portland 22 Clyde Drexler Arrière, Ailier
43%
Lakers de Los Angeles 22 Elgin Baylor Ailier
42%
Rockets de Houston 11 Yao Ming Pivot
42%
Pistons de Détroit 1 Chauncey Billups Meneur, Arrière
39%
Celtics de Boston 32 Kevin McHale Ailier
39%
Grizzlies de Memphis 50 Zach Randolph Ailier
39%
Warriors de Golden State 17 Chris Mullin Arrière, Ailier
38%
Bulls de Chicago 23 Michael Jordan Arrière
38%
Suns de Phoenix 32 Amar'e Stoudemire Ailier
36%
Kings de Sacramento 4 Chris Webber Ailier
36%
Knicks de New York 19 Willis Reed Pivot
36%
Lakers de Los Angeles 99 George Mikan Pivot
35%
Pistons de Détroit 40 Bill Laimbeer Pivot
33%
Lakers de Los Angeles 42 James Worthy Ailier
33%
Pistons de Détroit 4 Joe Dumars Meneur, Arrière
33%
Celtics de Boston 25 K. C. Jones Meneur
33%
76ers de Philadelphie 24 Bobby Jones Ailier
32%
Nets de Brooklyn 52 Buck Williams Ailier
32%
SuperSonics de Seattle 1 Gus Williams Meneur
32%
Celtics de Boston 24 Sam Jones Arrière
32%
Nuggets de Denver 2 Alex English Ailier
31%
Nuggets de Denver 33 David Thompson Ailier
31%
Rockets de Houston 44 Elvin Hayes Ailier
29%
Wizards de Washington 11 Elvin Hayes Ailier
29%
Bulls de Chicago 10 Bob Love Ailier
28%
Cavaliers de Cleveland 11 Zydrunas Ilgauskas Pivot
28%
Hawks d'Atlanta 44 Pete Maravich Arrière
26%
Pelicans de La Nouvelle-Orléans 7 Pete Maravich Arrière
26%
Jazz de l'Utah 7 Pete Maravich Arrière
26%
Heat de Miami 40 Udonis Haslem Ailier, Pivot
26%
Knicks de New York 10 Walt Frazier Meneur
26%
Wizards de Washington 41 Wes Unseld Pivot
26%
Cavaliers de Cleveland 42 Nate Thurmond Pivot
25%
Warriors de Golden State 42 Nate Thurmond Pivot
25%
Spurs de San Antonio 12 Bruce Bowen Ailier
24%
Pistons de Détroit 32 Richard Hamilton Arrière, Ailier
24%
Cavaliers de Cleveland 7 Bingo Smith Ailier
22%
Mavericks de Dallas 15 Brad Davis Meneur
21%
Kings de Sacramento 1 Nate Archibald Meneur
21%
Bucks de Milwaukee 4 Sidney Moncrief Meneur, Arrière
21%
Suns de Phoenix 6 Walter Davis Arrière, Ailier
21%
Jazz de l'Utah 4 Adrian Dantley Ailier
19%
Celtics de Boston 18 Dave Cowens Pivot
19%
Cavaliers de Cleveland 25 Mark Price Meneur
19%
Lakers de Los Angeles 25 Gail Goodrich Arrière
18%
Jazz de l'Utah 53 Mark Eaton Pivot
18%
Kings de Sacramento 16 Peja Stojakovic Ailier
18%
Kings de Sacramento 21 Vlade Divac Pivot
18%
Nets de Brooklyn 3 Dražen Petrović Arrière
17%
Jazz de l'Utah 14 Jeff Hornacek Arrière
17%
Suns de Phoenix 31 Shawn Marion Ailier
17%
Pistons de Détroit 16 Bob Lanier Pivot
15%
Bucks de Milwaukee 16 Bob Lanier Pivot
15%
Knicks de New York 15 Earl Monroe Meneur, Arrière
14%
Wizards de Washington 10 Earl Monroe Meneur, Arrière
14%
Cavaliers de Cleveland 22 Larry Nance Ailier
14%
Kings de Sacramento 2 Mitch Richmond Arrière
14%
Thunder d'Oklahoma City 4 Nick Collison Ailier, Pivot
14%
Pistons de Détroit 21 Dave Bing Meneur, Arrière
13%
Mavericks de Dallas 12 Derek Harper Meneur
13%
Bulls de Chicago 4 Jerry Sloan Arrière, Ailier
13%
Cavaliers de Cleveland 43 Brad Daugherty Pivot
11%
76ers de Philadelphie 15 Hal Greer Meneur, Arrière
11%
SuperSonics de Seattle 19 Lenny Wilkens Meneur
11%
76ers de Philadelphie 10 Maurice Cheeks Meneur
11%
Celtics de Boston 35 Reggie Lewis Arrière, Ailier
11%
Spurs de San Antonio 32 Sean Elliott Ailier
11%
Trail Blazers de Portland 30 Terry Porter Meneur
11%
Celtics de Boston 15 Tom Heinsohn Ailier
11%
76ers de Philadelphie 32 Billy Cunningham Ailier
10%
Celtics de Boston 31 Cedric Maxwell Ailier
10%
Celtics de Boston 19 Don Nelson Ailier
10%
SuperSonics de Seattle 32 Fred Brown Meneur, Arrière
10%
Lakers de Los Angeles 52 Jamaal Wilkes Ailier
10%
Pacers de l'Indiana 35 Roger Brown Ailier
10%
Celtics de Boston 21 Bill Sharman Arrière
8%
Rockets de Houston 23 Calvin Murphy Meneur, Arrière
8%
76ers de Philadelphie 4 Dolph Schayes Ailier, Pivot
8%
Trail Blazers de Portland 20 Maurice Lucas Ailier
8%
Mavericks de Dallas 22 Rolando Blackman Arrière
8%
Suns de Phoenix 24 Tom Chambers Ailier
8%
Suns de Phoenix 33 Alvan Adams Pivot
7%
Suns de Phoenix 9 Dan Majerle Ailier
7%
Knicks de New York 22 Dave DeBusschere Ailier
7%
Nuggets de Denver 12 Fat Lever Meneur
7%
Celtics de Boston 10 Jo Jo White Meneur
7%
Hawks d'Atlanta 23 Lou Hudson Ailier
7%
Rockets de Houston 45 Rudy Tomjanovich Ailier
7%
Celtics de Boston 16 Satch Sanders Ailier
7%
Warriors de Golden State 16 Al Attles Meneur
6%
Nuggets de Denver 44 Dan Issel Pivot
6%
Celtics de Boston 23 Frank Ramsey Ailier
6%
SuperSonics de Seattle 43 Jack Sikma Pivot
6%
Nets de Brooklyn 23 John Williamson Arrière
6%
Suns de Phoenix 44 Paul Westphal Meneur, Arrière
6%
Hornets de Charlotte 13 Bobby Phills Arrière
4%
Suns de Phoenix 5 Dick Van Arsdale Arrière
4%
Spurs de San Antonio 13 James Silas Meneur
4%
Celtics de Boston LOSCY Jim Loscutoff Ailier
4%
Spurs de San Antonio 00 Johnny Moore Meneur
4%
Timberwolves du Minnesota 2 Malik Sealy Ailier
4%
Warriors de Golden State 14 Tom Meschery Ailier
4%
Cavaliers de Cleveland 34 Austin Carr Meneur, Arrière
3%
Bucks de Milwaukee 32 Brian Winters Arrière, Ailier
3%
Suns de Phoenix 42 Connie Hawkins Ailier
3%
Jazz de l'Utah 35 Darrell Griffith Arrière
3%
Knicks de New York 12 Dick Barnett Arrière, Ailier
3%
Celtics de Boston 22 Ed Macauley Pivot
3%
Trail Blazers de Portland 45 Geoff Petrie Arrière
3%
Pacers de l'Indiana 30 George McGinnis Ailier
3%
Kings de Sacramento 27 Jack Twyman Ailier
3%
Trail Blazers de Portland 15 Larry Steele Arrière
3%
Trail Blazers de Portland 14 Lionel Hollins Meneur
3%
Kings de Sacramento 12 Maurice Stokes Ailier
3%
Pacers de l'Indiana 34 Mel Daniels Pivot
3%
Kings de Sacramento 44 Sam Lacey Pivot
3%
SuperSonics de Seattle 24 Spencer Haywood Ailier
3%
Knicks de New York 24 Bill Bradley Ailier
1%
Nets de Brooklyn 25 Bill Melchionni Meneur
1%
Bucks de Milwaukee 10 Bob Dandridge Ailier
1%
Kings de Sacramento 11 Bob Davies Arrière
1%
Nuggets de Denver 40 Byron Beck Pivot
1%
Knicks de New York 15 Dick McGuire Meneur
1%
Bucks de Milwaukee 2 Junior Bridgeman Ailier
1%
Wizards de Washington 45 Phil Chenier Meneur
1%
Trail Blazers de Portland 30 Bob Gross Ailier
0%
Trail Blazers de Portland 13 Dave Twardzik Meneur
0%
Bucks de Milwaukee 14 Jon McGlocklin Arrière, ailier
0%
Trail Blazers de Portland 36 Lloyd Neal Pivot
0%
SuperSonics de Seattle 10 Nate McMillan Meneur, Arrière
0%
Aucun quiz correspondant
Distribution des résultats
% des personnes avec chaque résultat
Percentile par nombre de réponses
Votre historique - résultats
Vous n’avez pas pris ce quiz